Introduction to environmental biophysics (Record no. 29595)

MARC details
000 -LEADER
fixed length control field 00437nam a2200169Ia 4500
082 ## - DEWEY DECIMAL CLASSIFICATION NUMBER
Classification number 581.52:577.3
Item number CAM
100 ## - MAIN ENTRY--AUTHOR NAME
Personal name CAMPBELL, Gaylar S
245 #0 - TITLE STATEMENT
Title Introduction to environmental biophysics
260 ## - PUBLICATION, DISTRIBUTION, ETC. (IMPRINT)
Place of publication New York
Name of publisher Springer Verlag
Year of publication 1977
650 ## - SUBJECT ADDED ENTRY--TOPICAL TERM
Topical Term Biophysics
650 ## - SUBJECT ADDED ENTRY--TOPICAL TERM
Topical Term Ecology
650 ## - SUBJECT ADDED ENTRY--TOPICAL TERM
Topical Term Environment
650 ## - SUBJECT ADDED ENTRY--TOPICAL TERM
Topical Term Plant canopies
650 ## - SUBJECT ADDED ENTRY--TOPICAL TERM
Topical Term Radiation
942 ## - ADDED ENTRY ELEMENTS (KOHA)
Koha item type Books
Holdings
Withdrawn status Lost status Damaged status Not for loan Home library Current library Date acquired Full call number Accession Number Koha item type
        RRII Library RRII Library 16/12/2021 581.52:577.3 CAM 10178 Books